00576nam a22002177a 450000500170000001000110001702000100002803500110003803700160004904000120006508200150007710000160009224500600010825000110016826000370017927000270021630000270024350000500027065000220032065000160034220170124110151.0 a181549 c00.00 a181549 bCen Lib/Ret aDPLbEN a321.8bDES aDesai, A.R. aSocial background of Indian nationalism /cby A.R.Desai a3rd ed aBombaybPopular Book Depotc1959 aLamington RoadbBombay axviii,427p. c19cm(Hb) aIncludes bibliographical references and index aSocial conditions aNationalism